|
|
|
|
| LEADER |
00735cam a2200205ua 4500 |
| 008 |
130211n2008 ii |||gr||||Z||||||hin |
| 020 |
|
|
|a 9788181437693(hbk)
|
| 082 |
|
|
|a 954.9042
|b WOL
|
| 100 |
|
|
|a Wolpert, Stenaley ,
|
| 245 |
|
|
|a Jinnah mohammad ali se kayad-a-aazam tak /
|c Stenaley Wolpert
|
| 250 |
|
|
|a 1st ed.
|
| 260 |
|
|
|a New Delhi
|b Vani Prakashan
|c c2008
|
| 300 |
|
|
|a 533p.:
|c 23cm.
|
| 500 |
|
|
|a Translated book about Mohammad Ali Jinnah
|
| 546 |
|
|
|a In Hindi.
|
| 653 |
|
|
|a Other jurisdictions
|
| 700 |
|
|
|a Dube, Abhay Kumar,
|e Translator.
|
| 942 |
|
|
|c BK
|
| 999 |
|
|
|c 247290
|d 247290
|
| 952 |
|
|
|0 0
|1 0
|4 0
|6 954_904200000000000_WOL
|7 0
|9 274598
|a HIN
|b HIN
|c S-26
|d 2016-05-06
|g 995.00
|i 22640
|l 0
|o 954.9042 WOL
|p HIN22640
|r 2016-05-06
|w 2016-05-06
|y BK
|